Viaje y estancia en la Nueva Granada / (Registro nro. 7405)

Detalles MARC
000 -LEADER
fixed length control field 00708nam a22002057a 4500
003 - CONTROL NUMBER IDENTIFIER
control field OSt
005 - DATE AND TIME OF LATEST TRANSACTION
control field 20210302115152.0
008 - FIXED-LENGTH DATA ELEMENTS--GENERAL INFORMATION
fixed length control field 210302s1969 ck ||||gr|||| 00| 0 spa d
040 ## - CATALOGING SOURCE
Original cataloging agency CO-JMCR
Transcribing agency CO-JMCR
041 0# - LANGUAGE CODE
Language code of text/sound track or separate title spa
082 04 - DEWEY DECIMAL CLASSIFICATION NUMBER
Classification number 918.04 /
Item number L559v
Edition number 23
100 1# - MAIN ENTRY--PERSONAL NAME
Personal name Le Moyne, Augusto,
Relator term autor
9 (RLIN) 14228
245 10 - TITLE STATEMENT
Title Viaje y estancia en la Nueva Granada /
Statement of responsibility, etc. Augusto Le Moyne ; editor, Jorge Luis Arango
260 ## - PUBLICATION, DISTRIBUTION, ETC.
Place of publication, distribution, etc. Bogotá :
Name of publisher, distributor, etc. Ediciones Guadalupe,
Date of publication, distribution, etc. 1969
300 ## - PHYSICAL DESCRIPTION
Extent 243 páginas ;
Dimensions 17 cm.
490 0# - SERIES STATEMENT
Series statement Biblioteca Schering Corporation U.S.A.
-- Serie viajes ;
Volume/sequential designation 92
651 #4 - SUBJECT ADDED ENTRY--GEOGRAPHIC NAME
Geographic name Colombia
General subdivision descripciones y viajes
Chronological subdivision 1828-1839
9 (RLIN) 14229
700 1# - ADDED ENTRY--PERSONAL NAME
Personal name Arango, Jorge Luis,
Relator term editor
9 (RLIN) 14230
942 ## - ADDED ENTRY ELEMENTS (KOHA)
Source of classification or shelving scheme Dewey Decimal Classification
Koha item type Books
Existencias
Withdrawn status Lost status Source of classification or shelving scheme Damaged status Not for loan Collection code Home library Current library Date acquired Source of acquisition Total Checkouts Full call number Barcode Date last seen Date last checked out Copy number Price effective from Koha item type
    Dewey Decimal Classification     Non-fiction Biblioteca Pública José María del Castillo y Rada Biblioteca Pública José María del Castillo y Rada 02/25/2021 Donación 2 918.04 / L559v 201810664 08/05/2025 08/04/2025 Ej.1 03/02/2021 Books